Introducing the Orthodox Churches (Record no. 10393)

MARC details
000 -LEADER
fixed length control field 00603nam a2200241 a 4500
020 ## - INTERNATIONAL STANDARD BOOK NUMBER
ISBN 8172143
082 00 - DEWEY DECIMAL CLASSIFICATION NUMBER
Classification number 281.7
Author Cutter GRE
100 ## - MAIN ENTRY--AUTHOR NAME
Author name Gregorios, Paulos Mar
245 ## - TITLE STATEMENT
Title Introducing the Orthodox Churches
260 ## - PUBLICATION, DISTRIBUTION, ETC. (IMPRINT)
Place of publication Delhi
Name of publisher ISPCK
Year of publication 1999
300 ## - PHYSICAL DESCRIPTION
Number of Pages 76p
500 ## - GENERAL NOTE
General note includes index and biblioraphy
505 2# - FORMATTED CONTENTS NOTE
Formatted contents note Scripture Index.
650 ## - SUBJECT ADDED ENTRY--TOPICAL TERM
Topical Term Church-Orthodox
942 ## - ADDED ENTRY ELEMENTS (KOHA)
Koha item type Books
700 1# -
-- Gregorios, Paulos Mar
Holdings
Collection code Home library Current library Date acquired Cost, normal purchase price Full call number Accession Number Koha item type
  Henry Martyn Institute Library Henry Martyn Institute Library 07/19/2007 70.00 281.7 GRE 019610 Books
                   Copyright © 2026 | Henry Martyn Institute | Hyderabad | TS-500052 | INDIA | Implemented by hmi.edu.in
Hit-Count:

Powered by Koha